LEADER 00917nam0-2200301---450- 001 990008631020403321 005 20080310123818.0 010 $a3050041544 035 $a000863102 035 $aFED01000863102 035 $a(Aleph)000863102FED01 035 $a000863102 100 $a20080310d2005----km-y0itay50------ba 101 0 $ager 102 $aDE 105 $ay---n-----00yy 200 1 $aKarriere und Hierarchie$edie römische Aristokratie und die Anfänge des cursus honorum in der mittleren Republik$fHans Beck 210 $aBerlin$cAkademie Verlag$d2005 215 $a452 p.$d25 cm 225 1 $aKlio$eBeitärge zur Alten Geschichte$iNeue Folge$v10 700 1$aBeck,$bHans$054352 801 0$aIT$bUNINA$gRICA$2UNIMARC 901 $aBK 912 $a990008631020403321 952 $aDirez. K-036$b9620 ddr$fDDR$m21-11798 959 $aDDR 996 $aKarriere und Hierarchie$9714240 997 $aUNINA LEADER 01491nas 2200493-a 450 001 9910892801803321 005 20260218110744.0 035 $a(CKB)991042730733372 035 $a(CONSER)sn-93017137- 035 $a(DE-599)ZDB2459056-3 035 $a(DE-599)2459056-3 035 $a(EXLCZ)99991042730733372 100 $a19870206b198u1987 --- a 101 0 $aeng 181 $ctxt$2rdacontent 182 $cc$2rdamedia 183 $acr$2rdacarrier 200 00$aAMC news $eAustralia Music Centre newsletter 210 $aSydney $cThe Centre 215 $a1 online resource 311 08$aPrint version: AMC news : 0811-3149 (DLC)sn 93017137 (OCoLC)15160498 606 $aMusic$zAustralia$y20th century$xHistory and criticism$vPeriodicals 606 $aMusicians$zAustralia$vPeriodicals 606 $aMusic$2fast$3(OCoLC)fst01030269 606 $aMusicians$2fast$3(OCoLC)fst01030837 606 $aMusik$2gnd 606 $aZeitschrift$2gnd 607 $aAustralia$2fast 607 $aAustralien$2gnd 608 $aCriticism, interpretation, etc.$2fast 608 $aPeriodicals.$2fast 608 $aPeriodicals.$2lcgft 615 0$aMusic$xHistory and criticism 615 0$aMusicians 615 7$aMusic. 615 7$aMusicians. 615 7$aMusik. 615 7$aZeitschrift. 712 02$aAustralia Music Centre. 906 $aJOURNAL 912 $a9910892801803321 920 $aexl_impl conversion 996 $aAMC news$94249284 997 $aUNINA